[Event "Reykjavik Open 2016"]
[Site "Reykjavik ISL"]
[Date "2016.03.09"]
[Round "3.60"]
[White "Fransson, Lennart"]
[Black "Hielscher, Ursula"]
[Result "1-0"]
[WhiteElo "2144"]
[BlackElo "1875"]
[WhiteFideId "1706756"]
[BlackFideId "4658965"]
[EventDate "2016.03.08"]

1. c4 Nf6 2. g3 g6 3. b3 Bg7 4. Bb2 O-O 5. Bg2 c6 6. Nf3 d6 7. O-O Na6 8. d3 Nc7
9. Nbd2 d5 10. Qc2 Be6 11. c5 Qc8 12. Rfe1 Nfe8 13. b4 a5 14. bxa5 Rxa5 15. Bxg7
Nxg7 16. a4 Bh3 17. Bxh3 Qxh3 18. Reb1 Qc8 19. Qb2 Nge6 20. d4 Qa8 21. Qxb7 Rxa4
22. Rxa4 Qxa4 23. e3 Qa8 24. Ne5 Qa2 25. Qb2 Qa8 26. Ra1 Qe8 27. Qb7 Qb8 28. Rb1
Qxb7 29. Rxb7 Rc8 30. Nxc6 Kf8 31. Kf1 Ke8 32. Ke2 Kd7 33. Nb4 Nd8 34. Ra7 Rb8
35. Rxc7+ Kxc7 36. Na6+ Kb7 37. Nxb8 Kxb8 38. e4 dxe4 39. Nxe4 f5 40. Ng5 h6 41.
Nf3 Kc7 42. Nh4 Ne6 43. Kd3 Nf8 44. d5 e5 45. Kc4 f4 46. Nf3 Nd7 47. gxf4 exf4
48. Kd4 g5 49. Ne5 Nf6 50. d6+ Kc8 51. c6 h5 52. d7+ Kc7 53. Nf7 1-0

[Event "Reykjavik Open 2016"]
[Site "Reykjavik ISL"]
[Date "2016.03.09"]
[Round "3.61"]
[White "Riccardi, Thomas"]
[Black "Dekker, Derk"]
[Result "1-0"]
[WhiteElo "2135"]
[BlackElo "1861"]
[WhiteFideId "2025973"]
[BlackFideId "1039679"]
[EventDate "2016.03.08"]

1. e4 e5 2. Nf3 Nc6 3. Bb5 Nf6 4. d3 d6 5. c3 Bd7 6. Ba4 g6 7. Nbd2 Bg7 8. Nf1
O-O 9. Ng3 Re8 10. O-O a6 11. h3 Na5 12. Bc2 c5 13. a4 b6 14. Re1 Qc7 15. b4 Nc6
16. Bd2 cxb4 17. cxb4 b5 18. a5 Rac8 19. Bb3 Be6 20. Rc1 Qd7 21. Bxe6 Qxe6 22.
Rb1 d5 23. Bc3 h6 24. Qe2 dxe4 25. dxe4 Red8 26. Qe3 Rb8 27. Nf1 Ne8 28. N1d2
Nd6 29. Rec1 Kh7 30. Qe2 Nd4 31. Bxd4 exd4 32. Rc6 Ra8 33. e5 Qe8 34. Rc7 Nf5
35. Rbc1 Rd7 36. g4 Ne7 37. Qe4 Rad8 38. e6 fxe6 39. Qxe6 Rxc7 40. Rxc7 Nd5 41.
Qxe8 Rxe8 42. Rd7 Nxb4 43. Nxd4 Kg8 44. Kg2 Re1 45. Rd8+ Kf7 46. Rd7+ Re7 47.
Rd6 Bxd4 48. Rxd4 Nc6 49. Rf4+ Kg7 50. Nb3 Re2 51. Nc5 b4 52. Rc4 Nxa5 53. Rxb4
Ra2 54. Nxa6 Nc6 55. Rb7+ Kg8 56. Nc5 Ne5 57. Re7 Nf7 58. Ne6 Ra6 59. Kg3 g5 60.
Nd4 Kg7 61. h4 Ra3+ 62. f3 Ra4 63. Re4 Kf6 64. Re6+ Kg7 65. Nf5+ Kh7 66. Rf6 Ra7
67. h5 Rb7 68. Rg6 Rd7 69. Nxh6 Nxh6 70. Rxg5 Rd6 71. Ra5 1-0

[Event "Reykjavik Open 2016"]
[Site "Reykjavik ISL"]
[Date "2016.03.09"]
[Round "3.62"]
[White "Edel, Thomas"]
[Black "Lochte, Szilvia"]
[Result "1-0"]
[WhiteElo "2127"]
[BlackElo "1859"]
[WhiteFideId "24653233"]
[BlackFideId "708410"]
[EventDate "2016.03.08"]

1. d4 Nf6 2. Nf3 e6 3. c4 Bb4+ 4. Nbd2 O-O 5. a3 Be7 6. g3 c5 7. dxc5 Bxc5 8.
Nb3 Bb6 9. Bg2 d5 10. cxd5 Qxd5 11. Qxd5 exd5 12. O-O Nc6 13. Bf4 Bf5 14. Rac1
Rfe8 15. e3 Ne4 16. Rfd1 Rad8 17. Nbd4 Bd7 18. Nxc6 Bxc6 19. Nd4 Ba4 20. b3 Bxd4
21. Rxd4 Bxb3 22. Rb4 Bc4 23. Rxb7 a6 24. Ra7 h6 25. h4 g5 26. hxg5 hxg5 27. Bc7
Rd7 28. Bb6 Rxa7 29. Bxa7 Nd6 30. a4 Nc8 31. Bd4 Nd6 32. Rb1 Rc8 33. Rb6 Ne4 34.
Bh3 Ra8 35. Bf5 Nd2 36. Bf6 Nf3+ 37. Kg2 Be2 38. Rb1 1-0

[Event "Reykjavik Open 2016"]
[Site "Reykjavik ISL"]
[Date "2016.03.09"]
[Round "3.63"]
[White "Heyne, Regina"]
[Black "Baldursson, Hrannar"]
[Result "0-1"]
[BlackTitle "AGM"]
[WhiteElo "1858"]
[BlackElo "2124"]
[WhiteFideId "4613236"]
[BlackFideId "2301156"]
[EventDate "2016.03.08"]

1. d4 Nf6 2. c4 d6 3. Nc3 c6 4. e4 Qa5 5. Bd2 Qb6 6. Bc1 e5 7. dxe5 dxe5 8. a3
Bc5 9. Qc2 O-O 10. b4 Bd4 11. Bd3 Rd8 12. Nf3 Bxf2+ 13. Ke2 Bd4 14. Nxd4 Qxd4
15. h3 Be6 16. Be3 Qd6 17. Bg5 Nbd7 18. Rad1 h6 19. Be3 b6 20. g4 a5 21. Bxb6
Nxb6 22. c5 Qb8 23. cxb6 axb4 24. axb4 Qxb6 25. Rb1 Ra3 26. Rhd1 Qd4 27. Na4
Rxd3 28. Rxd3 Bc4 29. Nb2 Qxe4+ 30. Kd2 Qf4+ 31. Ke2 e4 32. Qxc4 exd3+ 33. Kd1
Ne4 0-1

[Event "Reykjavik Open 2016"]
[Site "Reykjavik ISL"]
[Date "2016.03.09"]
[Round "3.64"]
[White "Bruun, Henrik Emil"]
[Black "Rowan, Daniel"]
[Result "1-0"]
[WhiteElo "2123"]
[BlackElo "1801"]
[WhiteFideId "1410334"]
[BlackFideId "431737"]
[EventDate "2016.03.08"]

1. e4 c5 2. Nf3 e6 3. d4 cxd4 4. Nxd4 Nc6 5. Nc3 Qc7 6. f4 a6 7. Nxc6 bxc6 8.
Bd3 Nf6 9. O-O Bc5+ 10. Kh1 h5 11. e5 Ng4 12. Ne4 Bb6 13. Qe2 d5 14. Nd6+ Ke7
15. f5 Qa7 16. Bg5+ Kf8 17. Nxc8 Rxc8 18. fxe6 f6 19. exf6 1-0

[Event "Reykjavik Open 2016"]
[Site "Reykjavik ISL"]
[Date "2016.03.09"]
[Round "3.65"]
[White "Kakulidis, Ellen"]
[Black "Lindsoe, Fredrik Aunan"]
[Result "0-1"]
[WhiteElo "1843"]
[BlackElo "2112"]
[WhiteFideId "1444972"]
[BlackFideId "1506560"]
[EventDate "2016.03.08"]

1. d4 f5 2. c4 g6 3. Nf3 Nf6 4. Nc3 Bg7 5. g3 O-O 6. Bg2 d6 7. O-O c6 8. Qc2 Na6
9. a3 Qe8 10. d5 e5 11. dxe6 Bxe6 12. b3 d5 13. cxd5 cxd5 14. Bb2 Rc8 15. Qb1
Nc5 16. b4 Nb3 17. Ng5 Nxa1 18. Qxa1 Rd8 19. Nb5 Qe7 20. Rd1 Ne8 21. Bxg7 Nxg7
22. Nxe6 Qxe6 23. Nc7 Qf6 24. Qa2 Kh8 25. Nxd5 Qe5 26. Rd3 Rc8 27. Re3 Rc1+ 28.
Bf1 Qd4 29. Rd3 Qe4 30. f3 Qe5 31. Kf2 Rfc8 32. Ne3 f4 33. Ng4 fxg3+ 34. hxg3
Qe6 35. Qd2 Qb6+ 36. Kg2 R1c2 37. Qf4 Qc7 38. Qf6 Rc6 39. Qd4 Rc4 40. Qf6 Rc6
41. Qd4 h5 42. Ne3 Kh7 43. Qh4 Qe5 44. Qh3 Rf8 45. f4 Qe6 46. Qh4 Rd6 47. Rc3
Rd7 48. Kf2 g5 49. Qxg5 Qf6 50. Qxf6 Rxf6 51. Bh3 Rd4 52. Bg2 h4 53. Nd5 hxg3+
54. Ke1 Rd6 55. Rd3 Rxd3 56. exd3 Kh6 57. Be4 Ne6 58. Ne3 Nd4 59. Bxb7 Rb6 60.
Be4 Ra6 61. Nf1 Rxa3 62. Nxg3 Rb3 63. Kd2 Rxb4 64. Kc3 a5 65. f5 Kg5 66. Kd2 a4
67. Kc3 a3 68. Bd5 Ra4 69. Ba2 Nxf5 70. Ne4+ Kf4 71. Nc5 Ra7 72. Kb4 Nd4 73. Na4
Nc6+ 74. Kb3 Ke3 75. Nc5 Nd4+ 76. Kc3 Ra8 77. Kb4 Nc2+ 78. Kb3 Na1+ 79. Kb4 Kd4
80. Na4 Nc2+ 81. Kb3 Kxd3 82. Bb1 Kd2 0-1

[Event "Reykjavik Open 2016"]
[Site "Reykjavik ISL"]
[Date "2016.03.09"]
[Round "3.66"]
[White "Skulason, Johann"]
[Black "Jameson, David"]
[Result "0-1"]
[WhiteElo "1747"]
[BlackElo "2103"]
[WhiteFideId "1733915"]
[BlackFideId "1801538"]
[EventDate "2016.03.08"]

1. e4 e5 2. Nf3 Nc6 3. Bb5 a6 4. Ba4 Nf6 5. O-O Nxe4 6. Re1 Nc5 7. Nc3 Nxa4 8.
Nxe5 Be7 9. Nd5 Nc5 10. Nxc6 dxc6 11. Nxe7 Be6 12. Nf5 O-O 13. Ng3 Re8 14. d4
Nd7 15. c3 Nf6 16. Bg5 h6 17. Bxf6 Qxf6 18. b3 b6 19. Qd2 a5 20. Re3 Red8 21.
Qe2 Rd5 22. Nh5 Qf5 23. Ng3 Qg4 24. f3 Qg6 25. Ne4 Rad8 26. Rd1 c5 27. Red3 cxd4
28. Rxd4 Rxd4 29. cxd4 Qf5 30. Ng3 Qd5 31. Qe4 c5 32. Qxd5 Rxd5 33. Ne2 Bc8 34.
Kf2 Ba6 35. Nc3 Rxd4 36. Rxd4 cxd4 37. Na4 b5 38. Nc5 Bc8 39. f4 Kf8 40. Kf3 Bf5
41. g4 Bb1 42. g5 Ke7 43. gxh6 gxh6 44. a3 f5 45. Ke2 Be4 46. Nd3 Ke6 47. Ne5
Bd5 48. Kd3 Bxb3 49. Kxd4 Kd6 50. h4 Be6 51. Nd3 Bd5 52. Ne5 b4 53. axb4 axb4
54. Nd3 b3 55. Nb2 Be4 56. Nc4+ Ke6 57. Nb2 Kf6 58. Kc3 Kg6 59. Kxb3 Kh5 60. Kc3
Kg4 0-1

[Event "Reykjavik Open 2016"]
[Site "Reykjavik ISL"]
[Date "2016.03.09"]
[Round "3.67"]
[White "Davidsson, Oskar Vikingur"]
[Black "Santeramo, Alessia"]
[Result "0-1"]
[BlackTitle "WFM"]
[WhiteElo "1628"]
[BlackElo "2095"]
[WhiteFideId "2310627"]
[BlackFideId "850810"]
[EventDate "2016.03.08"]

1. e4 e5 2. Nf3 Nc6 3. Bb5 a6 4. Ba4 Nf6 5. O-O Be7 6. Bxc6 dxc6 7. d3 Nd7 8.
Nbd2 f6 9. Nc4 Nc5 10. Nh4 Be6 11. Ne3 g6 12. b3 Bf7 13. Nf3 Ne6 14. Bb2 Qd7 15.
Ng4 Rf8 16. Nh6 Bd6 17. g3 O-O-O 18. Nxf7 Rxf7 19. Qe2 g5 20. Rad1 h5 21. Rfe1
h4 22. d4 exd4 23. Nxd4 hxg3 24. hxg3 Nxd4 25. Bxd4 Rh8 26. Qf1 Rfh7 27. Qg2 Qf7
28. e5 fxe5 29. Bxe5 Bxe5 30. Rxe5 Rh1+ 31. Qxh1 Rxh1+ 0-1

[Event "Reykjavik Open 2016"]
[Site "Reykjavik ISL"]
[Date "2016.03.09"]
[Round "3.68"]
[White "Kravchuk, Mykhaylo"]
[Black "Thorhallsson, Simon"]
[Result "0-1"]
[WhiteElo "1596"]
[BlackElo "2092"]
[WhiteFideId "2310007"]
[BlackFideId "2310090"]
[EventDate "2016.03.08"]

1. d4 c5 2. d5 e6 3. dxe6 fxe6 4. c4 Nf6 5. Nc3 Be7 6. Nf3 O-O 7. e4 Nc6 8. Bd3
d6 9. O-O Bd7 10. Be3 Ng4 11. Bd2 Be8 12. h3 Nf6 13. Be3 Bh5 14. Be2 Bg6 15. Nd2
Qc7 16. Bf3 a6 17. a3 Nd4 18. Be2 Qc6 19. f3 Nh5 20. Nb3 Nxe2+ 21. Nxe2 b5 22.
cxb5 Qxb5 23. Nc3 Qc6 24. Rc1 Nf6 25. Na5 Qc7 26. Nb3 Rab8 27. Rb1 Qb6 28. Nd2
d5 29. Bf4 Rbd8 30. Qe2 Qb7 31. Be5 Nd7 32. Bg3 Bf6 33. Na4 Qc6 34. b3 Qb5 35.
Qxb5 axb5 36. Nb2 Ra8 37. a4 c4 38. bxc4 bxc4 0-1

[Event "Reykjavik Open 2016"]
[Site "Reykjavik ISL"]
[Date "2016.03.09"]
[Round "3.69"]
[White "Arnarsson, Hrannar"]
[Black "Tan, Teck Woon"]
[Result "1-0"]
[WhiteElo "2089"]
[BlackElo "1488"]
[WhiteFideId "2301121"]
[BlackFideId "5813522"]
[EventDate "2016.03.08"]

1. e4 e5 2. f4 exf4 3. Nf3 Ne7 4. Bc4 d5 5. exd5 Nxd5 6. O-O Be7 7. Nc3 Be6 8.
Qe2 O-O 9. Bxd5 Bxd5 10. Nxd5 Bc5+ 11. d4 Qxd5 12. dxc5 Qxc5+ 13. Qf2 Qxf2+ 14.
Rxf2 Nc6 15. Bxf4 Rac8 16. Rd1 Rfd8 17. Rxd8+ Nxd8 18. Nd4 c5 19. Nf5 Nc6 20.
Bd6 g6 21. Nh6+ Kg7 22. Nxf7 b6 23. Ne5 Nxe5 24. Bxe5+ Kg8 25. g4 Rd8 26. g5 Rd5
27. Bf6 Kf7 28. Re2 Rd7 29. h4 h6 30. Kf2 hxg5 31. Bxg5 Kg7 32. Re7+ Rxe7 33.
Bxe7 Kf7 34. Bd6 a6 35. c4 Ke6 36. Bc7 b5 37. cxb5 axb5 38. Ke3 Kd5 39. a3 Ke6
40. Ke4 c4 41. Be5 1-0

[Event "Reykjavik Open 2016"]
[Site "Reykjavik ISL"]
[Date "2016.03.09"]
[Round "3.70"]
[White "Mai, Alexander Oliver"]
[Black "Lochte, Thomas"]
[Result "0-1"]
[WhiteElo "1558"]
[BlackElo "2067"]
[WhiteFideId "2313391"]
[BlackFideId "4606272"]
[EventDate "2016.03.08"]

1. d4 Nf6 2. Nf3 e6 3. Bf4 c5 4. e3 Qb6 5. Nc3 d5 6. Nb5 Na6 7. c3 c4 8. a4 Nh5
9. Ne5 Nxf4 10. exf4 Nc7 11. Nxc7+ Qxc7 12. a5 Bd6 13. Qa4+ Ke7 14. g3 f6 15.
Nf3 Bd7 16. Qc2 Rae8 17. Bg2 Kd8 18. O-O h5 19. h4 e5 20. fxe5 fxe5 21. dxe5
Bxe5 22. Rfd1 Qc5 23. Qd2 Bc6 24. Ng5 Kc8 25. Bh3+ Kb8 26. Ne6 Qd6 27. Nd4 Bxd4
28. Qxd4 Re2 29. Rd2 Rxd2 30. Qxd2 Re8 31. Re1 Rxe1+ 32. Qxe1 Kc7 33. Qe6 Bd7
34. Qf7 Kc6 35. Bxd7+ Qxd7 36. Qxh5 Kb5 37. g4 Kxa5 38. g5 b5 39. g6 b4 40. Qg5
bxc3 41. bxc3 Ka4 42. h5 Kb3 43. h6 gxh6 44. Qxh6 Qg4+ 45. Kf1 d4 46. cxd4 c3
47. Qh7 c2 48. Qb7+ Kc3 49. Qc7+ Kd3 50. g7 Qg5 51. f4 Qg3 52. d5 a5 53. d6
Qxf4+ 54. Kg2 Qd2+ 55. Kh3 c1=Q 56. Qxc1 Qxc1 57. d7 Qh6+ 0-1

[Event "Reykjavik Open 2016"]
[Site "Reykjavik ISL"]
[Date "2016.03.09"]
[Round "3.71"]
[White "Diaz, Franck"]
[Black "Karlsson, Isak Orri"]
[Result "1-0"]
[WhiteElo "2060"]
[BlackElo "1139"]
[WhiteFideId "639125"]
[BlackFideId "2312530"]
[EventDate "2016.03.08"]

1. e4 c5 2. Nf3 Nc6 3. d4 Qb6 4. dxc5 Qxc5 5. Be2 Nf6 6. Nc3 e5 7. O-O Be7 8.
Be3 Qb4 9. a3 Qa5 10. b4 Qc7 11. Nd5 Qd6 12. Bc5 Qb8 13. Nxe7 Nxe4 14. Nxc8 Qxc8
15. Bd6 Qd8 16. b5 Ne7 17. Bxe5 O-O 18. Qd4 d5 19. c4 Re8 20. cxd5 Qxd5 21. Rfd1
Qxd4 22. Rxd4 Nc3 23. Rd2 Ned5 24. Bc4 Rad8 25. Bxd5 Nxd5 26. Rad1 f6 27. Bg3 g5
28. h3 f5 29. Rxd5 Rxd5 30. Rxd5 f4 31. Rxg5+ 1-0

[Event "Reykjavik Open 2016"]
[Site "Reykjavik ISL"]
[Date "2016.03.09"]
[Round "3.72"]
[White "Heidarsson, Arnar"]
[Black "Heimisson, Hilmir Freyr"]
[Result "0-1"]
[WhiteElo "1333"]
[BlackElo "2048"]
[WhiteFideId "2312875"]
[BlackFideId "2309998"]
[EventDate "2016.03.08"]

1. e4 g6 2. d4 Bg7 3. Nf3 c5 4. Be3 Nc6 5. Bb5 Qa5+ 6. Nc3 Nf6 7. Qd3 Nb4 8. Qd2
Nxe4 9. Bxd7+ Bxd7 10. Nxe4 Nxc2+ 11. Kd1 Qxd2+ 12. Kxd2 Nxa1 13. Nxc5 Bc6 14.
Rxa1 Rd8 15. Kc3 Rd5 16. b4 O-O 17. Rd1 a5 18. a3 axb4+ 19. axb4 Ra8 20. Nb3
Rdd8 21. Ne1 Ra2 22. f3 e6 23. Nc2 Bd5 24. Nba1 Bf8 25. Bc1 f5 26. Ba3 Rc8+ 27.
Kd2 Rxa3 28. Nxa3 Bxb4+ 0-1

[Event "Reykjavik Open 2016"]
[Site "Reykjavik ISL"]
[Date "2016.03.09"]
[Round "3.74"]
[White "Stray, Gunnar"]
[Black "Sigurdarson, Alec Elias"]
[Result "0-1"]
[WhiteElo "2050"]
[BlackElo "1365"]
[WhiteFideId "1501631"]
[BlackFideId "2311003"]
[EventDate "2016.03.08"]

1. d4 Nf6 2. Nf3 g6 3. g3 Bg7 4. Bg2 O-O 5. O-O d6 6. Nc3 Nbd7 7. e4 e5 8. Re1
exd4 9. Nxd4 Ng4 10. h3 Qf6 11. Nf3 Nge5 12. Nxe5 Qxe5 13. Nd5 c6 14. Ne3 Qc5
15. c3 Nb6 16. a4 a5 17. Rb1 Be6 18. b4 axb4 19. cxb4 Qd4 20. Qc2 Nxa4 21. Nd1
Qc4 22. Qxc4 Bxc4 23. Bf4 Be5 24. Bxe5 dxe5 25. Ne3 Be6 26. Nd1 Rfd8 27. b5 c5
28. Ne3 Rac8 29. Rec1 b6 30. Bf1 Rd4 31. f3 c4 32. Nc2 Rd2 33. Na3 c3 34. Rc2
Rcd8 35. Re1 Bb3 36. Rcc1 c2 37. Nc4 Rd1 38. Be2 Rxc1 39. Rxc1 Bxc4 0-1

[Event "Reykjavik Open 2016"]
[Site "Reykjavik ISL"]
[Date "2016.03.09"]
[Round "3.75"]
[White "Bernhard, Julia"]
[Black "Hardarson, Jon Trausti"]
[Result "1-0"]
[WhiteElo "1769"]
[BlackElo "2058"]
[WhiteFideId "1620860"]
[BlackFideId "2302594"]
[EventDate "2016.03.08"]

1. e4 c5 2. Nf3 e6 3. c3 Nf6 4. e5 Nd5 5. Bc4 Nc6 6. O-O Nb6 7. Bb3 d6 8. d4
dxe5 9. dxe5 Qc7 10. Qe2 Be7 11. Qe4 Nd7 12. Re1 b6 13. Bf4 Bb7 14. Qe2 h6 15.
h3 g5 16. Bg3 h5 17. Na3 g4 18. hxg4 h4 19. Bh2 O-O-O 20. Nb5 Qb8 21. Nd6+ Bxd6
22. exd6 h3 23. Rad1 hxg2 24. Ng5 Rxh2 25. Kxh2 Nd4 26. Rxd4 Rh8+ 27. Nh3 cxd4
28. Qc4+ Nc5 29. Qxd4 Kd7 30. f4 Rh7 31. Bc2 Rh8 32. b4 Qf8 33. bxc5 Rxh3+ 34.
Kxh3 Qh6+ 35. Kg3 Qh1 36. Ba4+ 1-0

[Event "Reykjavik Open 2016"]
[Site "Reykjavik ISL"]
[Date "2016.03.09"]
[Round "3.76"]
[White "Haraldsson, Oskar"]
[Black "Thorsteinsdottir, Gudlaug"]
[Result "1/2-1/2"]
[BlackTitle "WFM"]
[WhiteElo "1765"]
[BlackElo "2047"]
[WhiteFideId "2301865"]
[BlackFideId "2300753"]
[EventDate "2016.03.08"]

1. e4 e5 2. Nf3 Nf6 3. d4 Nxe4 4. Bd3 d5 5. Nxe5 Nc6 6. Nxc6 bxc6 7. Qh5 Qf6 8.
Bxe4 dxe4 9. Qe5+ Qxe5 10. dxe5 Bf5 11. Be3 Be7 12. Nc3 O-O 13. O-O-O f6 14.
exf6 Bxf6 15. h3 h5 16. Ne2 a5 17. Nd4 Bd7 18. Nb5 Rab8 19. Rxd7 Rxb5 20. b3 Be5
21. a4 Rd5 22. Rd1 Bd6 23. c4 Rdf5 24. g4 Rf3 25. gxh5 Rxh3 26. Rg1 Rf7 27. Rxf7
Kxf7 28. Rg5 Bb4 29. Kc2 Rh2 30. Bd4 Ke8 31. Rxg7 c5 32. Be3 Rxh5 33. Rxc7 Rf5
34. Rg7 Be1 35. Rg4 Bxf2 36. Rxe4+ Kd7 37. Bxf2 Rxf2+ 38. Kd3 Rb2 39. Kc3 Rg2
40. Re5 Kc6 41. Re6+ Kb7 42. Re7+ 1/2-1/2

[Event "Reykjavik Open 2016"]
[Site "Reykjavik ISL"]
[Date "2016.03.09"]
[Round "3.77"]
[White "Runarsson, Gunnar"]
[Black "Mai, Aron Thor"]
[Result "0-1"]
[WhiteElo "2028"]
[BlackElo "1784"]
[WhiteFideId "2301768"]
[BlackFideId "2313383"]
[EventDate "2016.03.08"]

1. e4 e5 2. Nf3 Nc6 3. Bc4 Nf6 4. d3 Bc5 5. O-O O-O 6. Bg5 h6 7. Bh4 Be7 8. h3
d6 9. Nbd2 Be6 10. c3 Nh7 11. Bg3 Qc8 12. Re1 Na5 13. Bd5 Nf6 14. Qa4 Nc6 15.
Qb3 Na5 16. Qa4 Nc6 17. Bxe6 fxe6 18. d4 exd4 19. cxd4 Nh5 20. Bh2 Nf4 21. e5 d5
22. Re3 Qe8 23. Qc2 Nb4 24. Qb3 a5 25. a3 a4 26. Qc3 Nbd3 27. Rxd3 Ne2+ 28. Kf1
Nxc3 29. Rxc3 c6 30. Bg3 Bd8 31. Re3 b6 32. h4 c5 33. Rc1 Qb5+ 34. Kg1 Qxb2 35.
Rb1 Qc2 36. Ree1 c4 37. Nf1 Qg6 38. Ne3 Ra6 39. Rec1 Be7 40. Nc2 Rb8 41. Bf4 b5
42. Bd2 Rab6 43. Nb4 Rf8 44. Nc2 Rxf3 0-1

[Event "Reykjavik Open 2016"]
[Site "Reykjavik ISL"]
[Date "2016.03.09"]
[Round "3.78"]
[White "Raddatz, Michael"]
[Black "Ingebretsen, Jens E"]
[Result "0-1"]
[WhiteElo "2023"]
[BlackElo "1755"]
[WhiteFideId "4613252"]
[BlackFideId "1522965"]
[EventDate "2016.03.08"]

1. e4 e6 2. d4 d5 3. Nd2 c5 4. c3 Nf6 5. e5 Nfd7 6. Bd3 Nc6 7. Ne2 cxd4 8. cxd4
f6 9. f4 fxe5 10. dxe5 Bc5 11. Nc3 O-O 12. Nf3 Ndxe5 13. fxe5 Nxe5 14. Bxh7+
Kxh7 15. Ng5+ Kg6 16. Qc2+ Rf5 17. Bf4 Bf2+ 18. Ke2 Qc7 19. g3 Qc4+ 20. Kxf2
Nd3+ 21. Kf3 e5 22. Rad1 Nxf4 23. g4 e4+ 24. Ngxe4 dxe4+ 25. Kg3 Rf6 26. Rhe1
Bxg4 27. Rxe4 Bxd1 28. Qxd1 Qd3+ 29. Qxd3 Nxd3 30. Nd5 Rd6 31. Rg4+ Kf7 32. Nc7
Rc8 33. Nb5 Rg6 34. Nxa7 Rc5 35. b4 Nxb4 36. a4 Rc3+ 0-1

[Event "Reykjavik Open 2016"]
[Site "Reykjavik ISL"]
[Date "2016.03.09"]
[Round "3.79"]
[White "Danielsson, Robert"]
[Black "Gunnarsson, Helgi Petur"]
[Result "1/2-1/2"]
[WhiteElo "2011"]
[BlackElo "1737"]
[WhiteFideId "1711490"]
[BlackFideId "2302519"]
[EventDate "2016.03.08"]

1. d4 f5 2. Nf3 e6 3. g3 d5 4. Bg2 Nf6 5. O-O Bd6 6. c4 c6 7. b3 Ne4 8. Bb2 Nd7
9. Ne5 Qf6 10. Nxd7 Bxd7 11. Nd2 O-O-O 12. Nf3 h5 13. Nd2 h4 14. Nxe4 fxe4 15.
Qd2 hxg3 16. fxg3 Qg6 17. Qe3 Rh6 18. Bc1 Rdh8 19. Qg5 Qxg5 20. Bxg5 Rxh2 21.
Bf4 Bb4 22. e3 R2h7 23. Rf2 Be8 24. Raf1 Kd7 25. Be5 Bd6 26. Bxd6 Kxd6 27. Rf8
Ke7 28. Rxh8 Rxh8 29. Rf2 Rf8 30. Rxf8 Kxf8 31. Bh3 Ke7 32. c5 Kf6 33. Kf2 e5
34. a4 b6 35. b4 exd4 36. exd4 Ke7 37. a5 bxa5 38. bxa5 Bd7 39. Bf1 Bc8 40. Ke3
Kf6 41. Kf4 g5+ 42. Ke3 Kg6 43. Be2 Kf6 44. Kf2 Ke7 45. Ke3 Kd8 46. Kf2 Kc7 47.
Ke3 Bf5 48. Kf2 Kb7 49. Ke3 1/2-1/2

[Event "Reykjavik Open 2016"]
[Site "Reykjavik ISL"]
[Date "2016.03.09"]
[Round "3.80"]
[White "Viktorsson, Svavar"]
[Black "Baer, Samuel"]
[Result "1-0"]
[WhiteElo "1701"]
[BlackElo "2003"]
[WhiteFideId "2304520"]
[BlackFideId "1310518"]
[EventDate "2016.03.08"]

1. e4 c5 2. Nf3 d6 3. Bb5+ Nd7 4. O-O Nf6 5. Re1 a6 6. Bf1 e6 7. c3 Be7 8. d4
O-O 9. a4 e5 10. g3 Ne8 11. Bg2 g6 12. Bh6 Ng7 13. dxe5 dxe5 14. Qd5 Qc7 15.
Nbd2 Re8 16. Nc4 Bf8 17. Rad1 Nf6 18. Qd2 Ng4 19. Bxg7 Kxg7 20. h3 b5 21. axb5
axb5 22. Nd6 Bxd6 23. Qxd6 Qxd6 24. Rxd6 Nf6 25. Rb6 Bd7 26. Bf1 c4 27. Rd1 Re7
28. Rb7 Ra2 29. g4 h6 30. g5 hxg5 31. Nxg5 Rxb2 32. Bxc4 Rc2 33. Bxb5 Rxc3 34.
Bxd7 Rc4 35. Bb5 Rcc7 36. Rxc7 Rxc7 37. Bf1 Kh6 38. h4 Kh5 39. Be2+ 1-0

[Event "Reykjavik Open 2016"]
[Site "Reykjavik ISL"]
[Date "2016.03.09"]
[Round "3.81"]
[White "Berg, Bo 1949"]
[Black "Kempen, Leon"]
[Result "0-1"]
[BlackTitle "CM"]
[WhiteElo "1664"]
[BlackElo "1977"]
[WhiteFideId "1733869"]
[BlackFideId "3203786"]
[EventDate "2016.03.08"]

1. d4 e6 2. e4 d5 3. Nc3 Nf6 4. Bg5 Be7 5. e5 Nfd7 6. Bxe7 Qxe7 7. Nf3 O-O 8.
Bd3 c5 9. Nb5 Nc6 10. c3 f6 11. exf6 Rxf6 12. Qe2 a6 13. Na3 e5 14. dxe5 Ndxe5
15. Nxe5 Nxe5 16. O-O Qd6 17. f4 Nxd3 18. Qxd3 Bf5 19. Qd2 Be4 20. Nc2 b5 21.
Ne1 Raf8 22. Nd3 Bxd3 23. Qxd3 Rxf4 24. Rxf4 Rxf4 25. Rf1 Rxf1+ 26. Qxf1 d4 27.
Qe2 h6 28. cxd4 Qxd4+ 29. Kf1 c4 30. Qe6+ Kh7 31. Qe2 Qf4+ 32. Kg1 Qf5 33. h3 a5
34. a3 Qb1+ 35. Kf2 Qf5+ 36. Kg1 Qd5 37. Kf2 Qd4+ 38. Kf1 b4 39. axb4 axb4 40.
Qc2+ Kh8 41. Qe2 Qd5 42. Kg1 c3 43. bxc3 bxc3 44. Kf1 Qf5+ 45. Ke1 Kh7 46. g4
Qb1+ 47. Kf2 Qb2 48. Ke1 Qxe2+ 49. Kxe2 Kg6 50. h4 h5 51. gxh5+ Kxh5 52. Kd3
Kxh4 53. Kxc3 g5 54. Kd3 Kg3 55. Ke3 g4 56. Ke2 Kh2 0-1

[Event "Reykjavik Open 2016"]
[Site "Reykjavik ISL"]
[Date "2016.03.09"]
[Round "3.82"]
[White "Hrafnsson, Hreinn"]
[Black "Bergsson, Stefan"]
[Result "0-1"]
[WhiteElo "1651"]
[BlackElo "1974"]
[WhiteFideId "2304686"]
[BlackFideId "2301393"]
[EventDate "2016.03.08"]

1. Nf3 Nf6 2. d4 g6 3. g3 Bg7 4. Bg2 O-O 5. O-O d6 6. c3 c6 7. Bg5 Ne4 8. Nbd2
Nxg5 9. Nxg5 e5 10. Ngf3 Qe7 11. dxe5 dxe5 12. e4 Be6 13. Re1 a5 14. Qe2 Nd7 15.
Red1 b5 16. c4 Rfb8 17. b3 a4 18. Ne1 Nb6 19. cxb5 cxb5 20. Rab1 Qa3 21. Nc2 Qe7
22. Qe3 axb3 23. axb3 Ra2 24. Rdc1 Nd7 25. Ra1 Rba8 26. Bf1 Rxa1 27. Nxa1 Qa3
28. Qc3 Bf8 29. Bxb5 Bb4 30. Qc2 Nf6 31. Nc4 Qa7 32. Nxe5 Bh3 33. Nd3 Qd4 34.
Qc4 Qxa1 35. Qxb4 Qa7 36. Ba4 Rd8 37. Qc5 Qa6 38. Bb5 Qa8 39. f3 Nxe4 40. fxe4
Qxe4 41. Qc2 Rxd3 42. Qf2 Rxb3 43. Re1 Rb1 44. Rxb1 Qxb1+ 45. Bf1 f5 46. Qe2
Qxf1+ 47. Qxf1 Bxf1 48. Kxf1 g5 49. Kf2 Kf7 50. Ke3 Ke7 51. h3 Kd6 52. Kf3 Kd5
53. g4 f4 0-1